Majetková podstata neziskových účtovných jednotiek
Analýza štruktúry vlastných zdrojov a majetku jednotlivých druhov neziskových účtovných jednotiek s poukázaním na osobitosti majetkovej podstaty neziskových účtovných jednotiek v porovnaní s majetkovou podstatou ostatných účtovných jednotiek.
Guardado en:
| Autor principal: | |
|---|---|
| Formato: | Capítulo de libro |
| Lenguaje: | eslovaco |
| Materias: | |
| Etiquetas: |
Sin Etiquetas, Sea el primero en etiquetar este registro!
|
MARC
| LEADER | 00000nla a2200000 4500 | ||
|---|---|---|---|
| 001 | 0227193 | ||
| 005 | 20240502073738.3 | ||
| 041 | 0 | |a slo | |
| 044 | |a SK | ||
| 245 | 1 | 0 | |a Majetková podstata neziskových účtovných jednotiek |c Alena Kordošová |
| 520 | |a Analýza štruktúry vlastných zdrojov a majetku jednotlivých druhov neziskových účtovných jednotiek s poukázaním na osobitosti majetkovej podstaty neziskových účtovných jednotiek v porovnaní s majetkovou podstatou ostatných účtovných jednotiek. | ||
| 610 | 2 | 0 | |a jednotka účtovná |
| 610 | 2 | 0 | |a metódy účtovné |
| 610 | 2 | 0 | |a imanie vlastné |
| 610 | 2 | 0 | |a zdroje finančné |
| 610 | 2 | 0 | |a oceňovanie |
| 610 | 2 | 0 | |a výsledok hospodársky |
| 610 | 2 | 0 | |a organizácie ziskové |
| 610 | 2 | 0 | |a organizácie neziskové |
| 100 | 1 | |a Kordošová, Alena, 1970- | |